| 000 | 00571 a2200241 4500 | ||
|---|---|---|---|
| 260 | _amoscou | ||
| 630 | _a62 - Ingenierie. Art de lingenieur. Technologie en general | ||
| 037 | _b2, BU | ||
| 650 | _a6 - SCIENCES APPLIQUEES | ||
| 100 | _aLévine, B. | ||
| 260 | _bMir | ||
| 245 | _aFondement théoriques de la radiotechnique statistique.Tome II | ||
| 300 | _a438p. | ||
| 650 | _aRadiotechnique | ||
| 260 | _c1973 | ||
| 300 | _b22 cm | ||
| 100 | _lFr | ||
| 037 | _a20999 | ||
| 037 | _a21000 | ||
| 700 | _atrad., Sokova, A. | ||
| 999 |
_c37855 _d37855 |
||